Socios Comerciales más Grandes - Bulgaria - Estadísticas

Estadísticas generales
  • Esta prueba ha sido intentada 57 veces
  • La puntuación promedio es 16 de 18
Estadísticas de respuestas
exportationes importationes país % Correcto
733 mil 1126 mil España
98%
1177 mil 912 mil Francia
98%
1826 mil 1393 mil Grecia
98%
2401 mil 2289 mil Italia
98%
2090 mil 1796 mil Turquía
98%
3556 mil 3788 mil Alemania
96%
2580 mil Rusia
96%
656 mil 664 mil Reino Unido
90%
495 mil Serbia
90%
481 mil 1147 mil China
88%
648 mil 1169 mil Polonia
86%
2290 mil 2007 mil Rumania
86%
508 mil 799 mil Austria
82%
1104 mil Hungría
82%
715 mil 672 mil Bélgica
78%
706 mil 1057 mil Países Bajos
78%
436 mil República de Macedonia
67%
445 mil 615 mil Chequia
63%
No se encontraron pruebas coincidentes
Distribución de puntuación
Porcentaje de gente con cada puntuación
Porcentaje por número respondido
Historial de tus puntuaciones
No has intentado esta prueba.